/معجم الإبصار و المبصرات (Record no. 14448)
[ view plain ]
| 000 -الفاتح | |
|---|---|
| حقل البيانات ثابتة الطول | 00661nam a22001457a 4500 |
| 008 - عناصر البيانات ثابتة الطول - معلومات عامة | |
| حقل البيانات ثابتة الطول | 100708t2002 cai||||gr|||| 00| 0 ara d |
| 082 ## - رقم تصنيف ديوى العشرى | |
| رقم الطبعة | 22 |
| رقم التصنيف | 612.803 |
| رقم المادة | ف ى ا |
| 100 ## - المدخل الرئيسى - إسم شخصى | |
| 9 (RLIN) | 16112 |
| الإسم الشخصى | فياض ،سليمان |
| 245 ## - بيان العنوان | |
| العنوان | /معجم الإبصار و المبصرات |
| بيان المسئوليه,etc | سليمان فياض . |
| 260 ## - PUBLICATION, DISTRIBUTION, ETC. (IMPRINT) | |
| مكان الناشر او الموزع | القاهرة: |
| اسم الناشر او الموزع | المجلس الأعلى للثقافة، |
| تاريخ النشر أو التوزيع | 2002. |
| 300 ## - الوصف المادى | |
| التعداد | 354؛ص |
| أبعاد الوعاء | 24سم. |
| 650 ## - المدخل الاضافى بالموضوع-مصطلح موضوعى | |
| 9 (RLIN) | 16113 |
| مصطلح موضوعي أو اسم جغرافي كعنصر مدخل | الإبصار |
| التقسيم الفرعي الشكلي | معاجم |
| 942 ## - عناصر المدخل الإضافي( كوها) | |
| مصدر التصنيف او مخطط الترفيف | Dewey Decimal Classification |
| Koha [default] item type | Book - Borrowing |
| حالة التراجع | حالة الفقد | مصدر التصنيف او خطة الترفيف | حالة تلف | ليس للاعارة | مجموعات كوها | المكان الدائم | المكان الحالي | موقع الترفيف | تاريخ الاكتساب | Source of acquisition | رقم الاستدعاء | الباركود | Date last seen | نوع الوعاء |
|---|---|---|---|---|---|---|---|---|---|---|---|---|---|---|
| Dewey Decimal Classification | Alef-Baa | Central Library | Central Library | First floor | 08/07/2010 | 612.803 ف ى ا | 000021422 | 15/07/2025 | Book - Borrowing |